1126 1931 1987 1086 1044 1015 1080 1249 1364 1026 1595 1831 1375 1064 1308 1559 1356 1344 1289 1739 1701 1015 1143 1583 1231 1917 1094 1421 1819 1776 1846 1562 1823 1545 1336 1447 1037 1819 1727 1688 1010 1785 1352 1576 1691 1297 1685 1738 1765 1620 1566 1138 1529 1784 1358 1214 1076 1475 1204 1599 1401 1432 1756 1594 1454 1622 1281 1624 1718 1066 1880 1445 1280 1384 1970 1380 1880 1457 1984 1156 1265 1457 1538 1356 1488 1331 1703 1323 1696 1467 1691 1037 1661 1206 1546 1081 1139 1357 1619 BCNSPRNW ULIB Ver.6.0+V

เปลี่ยนเป็นภาษาไทย

Change to English
 แสดงรายละเอียดบรรณานุกรม
  กลับหน้าหลัก

Brief Record : Get Marc (ISO 2709) : E-mail record : QR code < ปิดหน้าต่าง
LEADER : 00000nam 2200000uu 4500
001    13399112921
003     ULIB
008    110919s2552||||th 000 0 tha d
020    9786165200110
090    นว.^bว264บ 2552
100 0  วรรณศุกร์
245 00 บัลลังก์รักครีษมายัน/^cวรรณศุกร์
250    พิมพ์ครั้งที่ 1
260    กรุงเทพฯ :^b1168,^c2552
300    288 หน้า
945    ^p195^l0^i16417
995    กัณชพร
999     ^aใช้งานได้ทุกระบบ
รายการนี้ยังไม่มีแท็ก
คุณยังไม่ได้ล็อกอิน คุณสามารถมีกิจกรรมร่วมกับเว็บไซต์ได้ แต่ต้องล็อกอินก่อน ::
  ล็อกอิน

รายการสื่อสารสนเทศ

ลำดับที่ ประเภท เลขเรียก/บาร์โค้ด สถานที่ สถานะ
1. นวนิยาย
นวนิยาย
นว. ว264บ 2552  
  Barcode: 16417
ห้องสมุดวิทยาเขตสวรรค์ประชารักษ์
►นวนิยาย
บนชั้น
  ขอยืม

รายการใกล้เคียง
    ผู้แต่ง [วรรณศุกร์]

BibComment


ยังไม่เคยถูกคอมเมนท์

คอมเมนท์ทรัพยากรรายการนี้
  คอมเมนท์: บัลลังก์รักครีษมา..


 Copyright 2026. Bcnsprnw @Library